| 000 | 00507nam a2200193Ia 4500 | ||
|---|---|---|---|
| 003 | OSt | ||
| 005 | 20251110153109.0 | ||
| 008 | 25110450505s9999 xx 000 0 eng d | ||
| 022 | _a0012-9976 | ||
| 037 | _aPeriodicals | ||
| 040 |
_aFEDL _beng _cFEDL |
||
| 041 |
_aeng _2eng |
||
| 245 | 0 | _aEconomic and political weekly | |
| 260 |
_aNew Delhi, India _bGauraang Pradhan _c2023 |
||
| 300 | _a811p. | ||
| 490 | _vV. 58, No.13-24 (April- June) 2023 | ||
| 942 |
_cCR _2ddc _n0 |
||
| 999 |
_c1465139 _d1465139 |
||